Jankovice : historie a současnost obce /

Hlavní autor: Březina, Vladimír, 1974-
Další autoři: Pospíšil, Jaroslav, 1941-
Jazyk: Čeština
Vydáno: Brno ; Jankovice : Obec Jankovice, 2011
Vydání: 1. vyd.
Témata:
Fyzický popis: 272 s., xix s. barev. obr. příl. : il., mapy, portréty, faksim., erby ; 25 cm
Knihy
Uloženo v:
LEADER 01620nam a2200421 a 4500
001 nkc20112168352
003 CZ PrNK
005 20160712065729.0
007 ta
008 110223s2011 xr abcff 000 0 cze
015 |a cnb002168352 
020 |a 978-80-254-9464-6  |q (v knize neuvedeno ;  |q váz.) 
035 |a (OCoLC)724297692 
040 |a BOA001  |b cze  |d ABA001 
043 |a e-xr---  |b e-xr-zl  |2 czenas 
072 7 |a 908(437)  |x Vlastivěda Česka a Slovenska  |2 Konspekt  |9 8 
080 |a 94(437.323)  |2 MRF 
080 |a 908(437.323)  |2 MRF 
080 |a (048.8)  |2 MRF 
100 1 |a Březina, Vladimír,  |d 1974-  |7 mzk2004252297  |4 aut 
245 1 0 |a Jankovice :  |b historie a současnost obce /  |c Vladimír Březina, Jaroslav Pospíšil 
246 1 8 |a Jankovice - historie a současnost obce 
250 |a 1. vyd. 
260 |a Brno ;  |a Jankovice :  |b Obec Jankovice,  |c 2011 
300 |a 272 s., xix s. barev. obr. příl. :  |b il., mapy, portréty, faksim., erby ;  |c 25 cm 
500 |a 300 výt. 
504 |a Obsahuje bibliografii a bibliografické odkazy 
651 7 |a Jankovice (Kroměříž, Česko)  |7 xx0047617  |x dějiny  |2 czenas 
651 7 |a Jankovice (Kroměříž, Česko)  |7 xx0047617  |x vlastivěda  |2 czenas 
651 9 |a Jankovice (Kroměříž, Czechia)  |x history  |2 eczenas 
655 7 |a monografie  |7 fd132842  |2 czenas 
655 9 |a monographs  |2 eczenas 
700 1 |a Pospíšil, Jaroslav,  |d 1941-  |7 jn20000402036  |4 aut 
910 2 |a BOA001  |b 2-1263.031 
990 |a BK 
995 |a 01 
991 |b 201103  |c NOV  |e n 
996 6 |b 2610472410  |c 2-1263.031  |l MZK  |r Sklad / do 1 hodiny  |n 2  |p p.v.  |w 001171920  |u 000010  |a 1  |e BOA001  |j MZK50  |s P